Statistics for Jonas Brothers Songs December 2020

Click here to take the quiz!

General Stats

  • This quiz has been taken 259 times
  • The average score is 33 of 74

Answer Stats

AlbumTrack NumberAnswer% Correct
Happiness Begins1Sucker
88%
A Little Bit Longer2Burnin' Up
85%
Jonas Brothers1SOS
85%
A Little Bit Longer5Lovebug
82%
It's About Time3Year 3000
82%
A Little Bit Longer12A Little Bit Longer
80%
Happiness Begins13Rollercoaster
70%
Jonas Brothers9When You Look Me In The Eyes
67%
Happiness Begins3Only Human
65%
Lines, Vines and Trying Times2Paranoid
65%
Happiness Begins2Cool
64%
Happiness Begins12Hesitate
62%
It's About Time6Mandy
62%
Jonas Brothers2Hold On
60%
A Little Bit Longer8Video Girl
59%
Lines, Vines and Trying Times6Before The Storm
58%
Lines, Vines and Trying Times3Fly With Me
56%
Jonas Brothers4That's Just The Way We Roll
55%
A Little Bit Longer1BB Good
54%
Jonas Brothers7Australia
53%
A Little Bit Longer3Shelf
53%
Lines, Vines and Trying Times1World War III
53%
Jonas Brothers3Goodnight and Goodbye
52%
Lines, Vines and Trying Times9Black Keys
51%
Lines, Vines and Trying Times8Much Better
50%
Happiness Begins14Comeback
49%
Happiness Begins8Love Her
47%
Lines, Vines and Trying Times4Poison Ivy
47%
SinglesWhat A Man Gotta Do
47%
A Little Bit Longer10Sorry
46%
Happiness Begins4I Believe
45%
Happiness Begins11Strangers
45%
Happiness Begins5Used To Be
45%
Jonas Brothers5Hello Beautiful
44%
A Little Bit Longer6Tonight
44%
Happiness Begins10Trust
44%
Lines, Vines and Trying Times10Don't Charge Me For The Crime
42%
It's About Time11Please Be Mine
42%
SinglesPom Poms
42%
A Little Bit Longer7Can't Have You
41%
SinglesX
41%
Happiness Begins6Every Single Time
40%
Jonas Brothers11Just Friends
40%
A Little Bit Longer9Pushin' Me Away
40%
Lines, Vines and Trying Times11Turn Right
40%
Lines, Vines and Trying Times12Don't Speak
38%
Happiness Begins9Happy When I'm Sad
38%
It's About Time1What I Go To School For
38%
It's About Time56 Minutes
37%
Happiness Begins7Don't Throw It Away
37%
Jonas Brothers8Games
37%
A Little Bit Longer4One Man Show
36%
Lines, Vines and Trying Times7What Did I Do To Your Heart
36%
Jonas Brothers12Hollywood
34%
Jonas Brothers10Inseparable
34%
It's About Time107:05
33%
Lines, Vines and Trying Times13Keep It Real
33%
SinglesFive More Minutes
31%
A Little Bit Longer11Got Me Going Crazy
31%
Lines, Vines and Trying Times5Hey Baby
31%
SinglesFirst Time
30%
SinglesLike It's Christmas
30%
It's About Time9Underdog
30%
It's About Time8I Am What I Am
27%
FeaturesLonely
27%
Jonas Brothers6Still In Love With You
27%
Jonas Brothers13Take A Breath
24%
It's About Time4One Day At A Time
22%
It's About Time2Time For Me To Fly
22%
SinglesI Need You Christmas
21%
It's About Time7You Just Don't Know It
21%
FeaturesRunaway
20%
SinglesJersey
19%
Jonas Brothers14SOS Live
12%

Score Distribution

Percentile by Number Answered

Percent of People with Each Score

Your Score History

You have not taken this quiz